Statistics for Artist to Song #1: September trends

Click here to take the quiz!

General Stats

  • This quiz has been taken 7 times
  • The average score is 5 of 11

Answer Stats

AlbumArtist(s)Extra HintAnswer% Correct
GUTSOlivia RodrigoBlood suckerVampire
83%
ScarletDoja CatTurn everything into a colorPaint The Town Red
67%
Barbie SoundtrackBillie EilishYour purposeWhat Was I Made For?
67%
Barbie SoundtrackNicki Minaj, Ice Spice, AquaI'm a Barbie GirlBarbie World
50%
GENESISPeso Pluma, Gabito Ballesteros, Junior HPoker FaceLADY GAGA
33%
UTOPIATravis Scott, DrakeThawing chainsMELTDOWN
33%
SingleOliver Anthony MusicWealthy VirginiaRich Men North Of Richmond
33%
SingleJung Kook, Latto6-8Seven
33%
For All The DogsDrake, SZAFake type of LoveSlime You Out
33%
Zach BryanZach Bryan, Kacey MusgravesGood memoryI Remember Everything
17%
LA VIDA ES UNAMyke TowersBaby lullabyLALA
17%

Score Distribution

Percentile by Number Answered

Percent of People with Each Score

Your Score History

You have not taken this quiz